000 01449cam a22003134a 4500
001 16749766
003 SISC
005 20170125101245.0
008 110425s2011 enka b 001 0 eng
010 _a 2011016928
020 _a9780230577541
040 _aDLC
_cDLC
_dDLC
042 _apcc
050 0 0 _aHD 58.82
_b.K39 2011
082 0 0 _a658.4/092
084 _aBUS071000
_aBUS059000
_aBUS066000
_aBUS041000
_2bisacsh
100 1 _aKayes, Anna.
245 1 4 _aThe learning advantage :
_bsix practices of learning-directed leadership /
_cAnna Kayes and D. Christopher Kayes.
260 _aHoundmills, Basingstoke, Hampshire ;
_aNew York :
_bPalgrave Macmillan,
_c2011.
300 _axiv, 194 pages :
_billustrations ;
_c24 cm.
504 _aIncludes bibliographical references (p. 176-186) and index.
520 _a"Highlighting the best in management learning theory and practices, the authors provide a comprehensive approach to leadership from a learning perspective. This exciting new book, from award-winning authorities on learning, describes how leaders gain the advantage when they cultivate learning in themselves and others"--
650 0 _aOrganizational learning.
650 0 _aLeadership.
700 1 _aKayes, D. Christopher.
906 _a7
_bcbc
_corignew
_d1
_eecip
_f20
_gy-gencatlg
942 _2lcc
_cBK
_kFOR
999 _c275392
_d275392